| 000 | 01506nam0a2200373 4500 | ||
|---|---|---|---|
| 001 | RU\NLR\bibl\822962 | ||
| 005 | 20260406052046.0 | ||
| 010 |
_a5-94355-132-8 _93000 |
||
| 021 |
_aRU _b2004-49289 _92426 |
||
| 035 | _aRSL-KNO-002459902 | ||
| 035 | _a(NLR Aleph) 000811870 | ||
| 090 |
_a1246376 _c1246376 |
||
| 100 | _a20040818d2004 |||y0rusy50 ca | ||
| 101 | 1 |
_arus _ceng |
|
| 102 | _aRU | ||
| 105 | _aa ||||||||| | ||
| 106 | _ar | ||
| 200 | 1 |
_aИз реки речений _eвысказывания суфийс. наставников _fХанака Ниматуллахи _g[сост. и пер. Л. Тираспольский] |
|
| 210 |
_aМ. _cАмрита-Русь _d2004 _eЙошкар-Ола: ГУП РМЭ Марийский полигр.-издат. комбинат |
||
| 215 |
_a157, [1] с. _cил. _d21 |
||
| 225 | 1 | _aМудрость суфиев | |
| 300 | _aАвт. указан на обл. | ||
| 606 | 0 |
_aСуфизм _91339076 _3RU\NLR\auth\66243016 |
|
| 610 | 0 | _aРелигия -- Ислам (мусульманство) -- Суфизм -- Священные книги суфизма. Источники суфизма | |
| 686 |
_aЭ383-2,0 _2rubbk |
||
| 686 | _aЭ383 | ||
| 700 | 1 |
_4070 _8rus _7ca _aНурбахш _bД. _f1926-2008 _gДжавад _3RU\NLR\auth\777153 _9117092 |
|
| 801 | 0 |
_aRU _bRuMoRKP _c20040818 _grcr |
|
| 801 | 1 |
_aRU _bRuMoRGB _c20040818 |
|
| 801 | 2 |
_aRU _bNLR _c20050721 _gPSBO |
|
| 942 | _cBOOK | ||
| 980 | _aNB | ||